| Record ID | marc_records_scriblio_net/part18.dat:6306373:742 |
| Source | Scriblio |
| Download Link | /show-records/marc_records_scriblio_net/part18.dat:6306373:742?format=raw |
LEADER: 00742cam 2200229 a 4500
001 85018712 //r87
003 DLC
005 19870506000000.0
008 850730s1986 nyu b 00000 eng
010 $a 85018712 //r87
020 $a0202241661 (lib. bdg.)
020 $a020224167X (pbk.)
043 $ae-ur---
050 0 $aDK289$b.S67 1986
082 0 $a327.47$219
245 00 $aSoviet foreign policy in a changing world /$cedited by Robbin F. Laird, Erik P. Hoffmann.
260 0 $aNew York :$bAldine Pub. Co.,$cc1986.
300 $axxiv, 969 p. ;$c25 cm.
504 $aIncludes bibliographies.
651 0 $aSoviet Union$xForeign relations$y1975-
700 10 $aLaird, Robbin F.$q(Robbin Frederick),$d1946-
700 10 $aHoffmann, Erik P.,$d1939-